000 00671nam a2200229 a 4500
001 BRCA_537
005 20190320203043.0
008 880310s1988 sz-a---##b---#001-0#eng-#
020 _a2605001288
040 _aDLC
_cDLC
_dDLC
041 _aengfre
050 4 _aN6494.A7
_b.B68 1988
100 1 _aBouillon, Jean-Paul
_91861
245 1 0 _aJournal de l´art déco
_b1903-1940
_cby Jean-Paul Bouillon.
260 _aGinebra, Suiza
_bSkira
_c1988
300 _a271 p.
_bil. (algunas a color)
_c34 cm.
500 _aIncluye índice onomástico
504 _aBibliografía: p. 257-259
650 1 4 _aArt decó
_91862
650 1 4 _aArte moderno
_ySiglo XX
_91863
942 _2lcc
_cB
999 _c469
_d469